Phobies - All Units - Statistics

General Stats
  • This quiz has been taken 246 times
    241 since last reset
  • The average score is 133 of 196
Answer Stats
Key Cost Rarity Card Type Answer % Correct
1 Common Dimensional Batula
100%
1 Rare Monster Blue
100%
1 Common Mechanical BOOM
100%
1 Common Undead Contortio
100%
1 Common Undead Ted
100%
1 Uncommon Monster Electricat
92%
5 Common Mechanical Heavo
92%
7 Rare Dimensional Heavo 2.0
92%
9 Ultra Rare Mechanical Heavo 3.0
92%
1 Rare Monster Henrietta
92%
8 Uncommon Undead Hi-Five
92%
1 Rare Undead Jill
92%
2 Rare Mechanical KERBLOOM
92%
1 Common Undead Numbskull
92%
1 Common Monster Razor Mouth
92%
1 Rare Mechanical Rusty
92%
1 Common Monster AWOL
85%
8 Common Mosnter Barzilla
85%
5 Rare Mechanical Blue Speedola
85%
1 Rare Dimensional Boomer
85%
1 Common Mechanical Cowbell
85%
2 Ultra Rare Monster Cupcake
85%
2 Common Dimensional Eternal Knight
85%
2 Common Monster Gesundheit
85%
4 Rare Mechanical Gonzo Bonzo
85%
3 Common Undead Gravedigger
85%
2 Common Mechanical K-9000
85%
5 Ultra Rare Mechanical Morty
85%
1 Uncommon Monster Muffintop
85%
3 Common Undead Murder Wing
85%
5 Rare Monster Noxious
85%
6 Uncommon Dimensional Octo Naughty
85%
6 Common Mechanical Red Speedola
85%
9 Ultra Rare Monster Smother Mother
85%
3 Common Dimensional Stabby
85%
8 Uncommon Mechanical Ace
77%
9 Ultra Rare Dimensional Akira
77%
7 Common Monster Alley Gator
77%
6 Rare Mechanical Attractor
77%
5 Rare Dimensional Baba Yaga
77%
6 Ultra Rare Monster Billy
77%
6 Uncommon Monster Boofairy
77%
5 Uncommon Dimensional Charon
77%
9 Ultra Rare Undead Chuck
77%
3 Uncommon Mechanical Clinico
77%
2 Uncommon Undead Creep
77%
4 Rare Mechanical Doctor Dermic
77%
7 Common Dimensional Fishtank
77%
9 Ultra Rare Mechanical Heavo Plaid
77%
3 Ultra Rare Mechanical KABOOM
77%
5 Rare Dimensional Lila
77%
3 Common Monster Mike Roscopic
77%
7 Uncommon Monster Ogre
77%
5 Common Monster Quagmire
77%
5 Common Monster Ray Chargels
77%
1 Rare Mechanical Slayerrrrrr
77%
3 Rare Dimensional Snowball
77%
1 Ultra Rare Monster Sockassin
77%
3 Uncommon Monster Spud
77%
3 Ultra Rare Monster Tick
77%
1 Uncommon Monster Tickles
77%
9 Ultra Rare Dimensional Undertaker
77%
8 Ultra Rare Monster Yeti
77%
3 Common Undead Baby Snakey
69%
2 Ultra Rare Monster Bad Omen
69%
3 Rare Undead Bad Sushi
69%
7 Ultra Rare Mechanical Blast-0-Matic
69%
5 Ultra Rare Dimensional Bluelien
69%
3 Common Mechanical BoMangles
69%
8 Ultra Rare Mechanical Butcher
69%
2 Common Undead Cassowary
69%
2 Uncommon Undead CottonTale
69%
8 Ultra Rare Monster Doughzer
69%
7 Ultra Rare Monster Fire Ant
69%
3 Common Dimensional Flail
69%
2 Uncommon Undead Flopsy
69%
9 Ultra Rare Mechanical Frosty
69%
4 Uncommon Monster Ginsting
69%
6 Rare Undead Goon
69%
7 Rare Dimensional Greylien
69%
2 Uncommon Mechanical Haphe
69%
4 Common Mechanical Hydra
69%
4 Uncommon Mechanical In Oculus
69%
3 Rare Undead Jackalope King
69%
3 Ultra Rare Mechanical Jar Cannon
69%
5 Rare Mechanical Medi-Bot
69%
3 Common Mechanical Misanthrope
69%
4 Common Monster Moley Bully
69%
2 Uncommon Undead Mopsy
69%
6 Uncommon Dimensional Mount Crushmore
69%
6 Rare Dimensional Pasgetti
69%
5 Ultra Rare Monster Sasquatch
69%
5 Rare Undead Smiley
69%
4 Uncommon Undead Snappy
69%
2 Uncommon Dimensional Squiggles
69%
8 Ultra Rare Mechanical Subnoxious
69%
2 Common Monster Suckee
69%
3 Rare Mechanical Sulky
69%
4 Uncommon Monster Temptresss
69%
7 Uncommon Undead Terrordactyl
69%
3 Common Dimensional Thunder Rocks
69%
3 Uncommon Dimensional Tooth Fairy
69%
3 Uncommon Monster Venus
69%
4 Ultra Rare Monster Werewolf
69%
5 Uncommon Monster Wooly Bully
69%
4 Rare Monster Ash
62%
3 Rare Undead Benny
62%
2 Rare Dimensional Bloat
62%
6 Ultra Rare Dimensional Cecilia
62%
4 Rare Monster Clobster
62%
6 Ultra Rare Undead Cluck Norris
62%
3 Ultra Rare Undead Creepy Devil
62%
4 Uncommon Undead Daisy
62%
3 Rare Mechanical Dial
62%
5 Rare Dimensional Doom Doom
62%
2 Common Mechanical Droney
62%
5 Rare Dimensional Fantome
62%
2 Uncommon Monster Finnigan
62%
7 Uncommon Undead Fleshcrawler
62%
7 Rare Undead Fowl
62%
6 Ultra Rare Mechanical Furnaceface
62%
4 Rare Mechanical Giggles
62%
4 Ultra Rare Dimensional Grimes
62%
5 Ultra Rare Monster Hazmat
62%
8 Ultra Rare Dimensional Heart Breaker
62%
6 Rare Monster Hematic Ginsting
62%
4 Uncommon Dimensional Hexxy
62%
5 Ultra Rare Undead Jaws
62%
6 Uncommon Monster Klepto
62%
3 Uncommon Monster Le Shovell
62%
2 Common Monster Maggie
62%
8 Ultra Rare Undead Mildred
62%
3 Common Monster Minotaur
62%
5 Rare Monster Miss Moffat
62%
7 Rare Dimensional Motherload
62%
8 Ultra Rare Undead Mummy
62%
7 Rare Dimensional Oopsy Baby
62%
4 Rare Mechanical Paddles
62%
4 Uncommon Undead Primate #9
62%
4 Ultra Rare Mechanical Radihater
62%
6 Rare Monster Rambolina
62%
5 Rare Mechanical Repeller
62%
6 Uncommon Mechanical Sabian
62%
6 Ultra Rare Dimensional Scritch
62%
5 Ultra Rare Dimensional Sir Probesalot
62%
4 Rare Dimensional Sssizzle
62%
2 Uncommon Monster Unicorn
62%
2 Common Monster Wiggy
62%
6 Rare Mechanical Zappy
62%
6 Rare Undead Zomboni
62%
6 Ultra Rare Dimensional Alastor
54%
5 Common Undead Badside Manners
54%
4 Common Undead Blinky
54%
6 Rare Mechanical Blondie
54%
7 Ultra Rare Monster Bogart
54%
8 Ultra Rare Dimensional Boss
54%
7 Ultra Rare Dimensional Brony
54%
6 Common Undead Cerberus
54%
5 Ultra Rare Undead Conductor
54%
7 Ultra Rare Monster Doc Holliday
54%
7 Ultra Rare Dimensional Edgar Allen
54%
6 Rare Undead Eratic
54%
5 Common Undead Fetch
54%
4 Rare Dimensional Furkin Leeprichaun
54%
4 Uncommon Dimensional Gargles
54%
7 Ultra Rare Monster Hercubees
54%
4 Uncommon Monster Honey Bear
54%
4 Rare Mechanical I-SCREAM
54%
3 Ultra Rare Dimensional Jammy Fish
54%
6 Ultra Rare Undead Jeeves
54%
7 Ultra Rare Dimensional Leshy
54%
7 Rare Monster Mr. Tramples
54%
8 Ultra Rare Dimensional Omega
54%
4 Ultra Rare Dimensional Prometheus
54%
5 Common Dimensional Psyclops
54%
6 Ultra Rare Monster Puff
54%
6 Ultra Rare Dimensional Rocketman
54%
8 Ultra Rare Dimensional Russell
54%
4 Uncommon Monster Sheeping Gas
54%
4 Common Monster Slammerhead
54%
5 Common Monster Staremaster
54%
8 Ultra Rare Dimensional The Collector
54%
4 Ultra Rare Dimensional The Glob
54%
6 Uncommon Monster Tiny Tim
54%
4 Common Undead Unbearable
54%
6 Ultra Rare Monster Baaaad Sheep
46%
4 Rare Monster Poison Ivy
46%
4 Common Dimensional Rockus
46%
7 Ultra Rare Dimensional Skinwalker
46%
3 Rare Undead Whiskers
46%
7 Ultra Rare Undead Whuffalo Will
46%
8 Ultra Rare Dimensional Beauty
38%
6 Ultra Rare Mechanical Hoovey
38%
7 Uncommon Monster Sparky
38%
6 Rare Monster Brutewurst
31%
5 Rare Mechanical Tri-Volta
31%
No matching quizzes found
Score Distribution
Percent of People with Each Score
Percentile by Number Answered
Your Score History
You have not taken this quiz since the last reset